Giáo trình nhập môn toán tài chính
Một số khái niệm về tiền tệ; Thị trường tài chính; Kinh doanh chênh lệch giá; Lãi suất và trái phiếu; Phân tích giá cổ phiếu; Quản lí danh mục đầu tư; Giải tích ngẫu nhiên; Quyền chọn.
Đã lưu trong:
| Nhiều tác giả của công ty: | , |
|---|---|
| Format: | Bog |
| Sprog: | Vietnamese |
| Udgivet: |
Cần Thơ
Đại học Cần Thơ
2013
|
| Serier: | Sách Dự án phát triển giáo viên THPT & TCCN
|
| Fag: | |
| Tags: |
Tilføj Tag
Ingen Tags, Vær først til at tagge denne postø!
|
| Thư viện lưu trữ: | Mạng thư viện Đại học Đà Nẵng |
|---|
| LEADER | 01776nam a2200373 4500 | ||
|---|---|---|---|
| 001 | 000018894 | ||
| 003 | 15329 | ||
| 005 | 20140212150211.0 | ||
| 008 | 140212s2013 viesd | ||
| 041 | 0 | |a vie | |
| 082 | 1 | 4 | |a 330.0151 |b BÔG |
| 110 | 1 | |a Bộ Giáo dục và đào tạo | |
| 245 | 1 | 0 | |a Giáo trình nhập môn toán tài chính |c Bộ Giáo dục và Đào tạo, Ngân hàng phát triển Châu Á |
| 246 | |a Chương trình giáo dục đại học hệ chính qui theo hệ thống tín chỉ ngành kế toán | ||
| 260 | |a Cần Thơ |b Đại học Cần Thơ |c 2013 | ||
| 300 | |a 245 tr. |c 27 cm. | ||
| 490 | |a Sách Dự án phát triển giáo viên THPT & TCCN | ||
| 500 | |a Sách Dự án phát triển giáo viên THPT & TCCN - Trường Đại học sư phạm Hà Nội | ||
| 520 | 3 | |a Một số khái niệm về tiền tệ; Thị trường tài chính; Kinh doanh chênh lệch giá; Lãi suất và trái phiếu; Phân tích giá cổ phiếu; Quản lí danh mục đầu tư; Giải tích ngẫu nhiên; Quyền chọn. | |
| 650 | 0 | 4 | |a Toán tài chính |v Giáo trình |x Dạy và học |
| 650 | 0 | 4 | |a Toán tài chính |v Giáo trình |x Giáo dục đại học |
| 653 | |a Toán tài chính | ||
| 653 | |a Giáo dục đại học | ||
| 710 | 1 | |a Ngân hàng phát triển Châu Á | |
| OWN | |a LSP | ||
| AVA | |a UDN50 |b LSP |d 330.0151 BÔG |e check_holdings |t Error 5003 Not defined in file expand_doc_bib_avail. |h N |k 1 | ||
| 999 | |a From the UDN01 | ||
| AVA | |a UDN50 |b LSP |d 330.0151 BÔG |e available |t Error 5001 Not defined in file expand_doc_bib_avail. |f 75 |g 67 |h N |i 0 |k 1 | ||
| TYP | |a Monograph | ||
| TYP | |a Printed language | ||
| 980 | |a Mạng thư viện Đại học Đà Nẵng | ||